Southville International School and Colleges
Your cart is empty.
  • Cart
  • Lists
    Public lists Eva Luna New books Lux_list list_1
    Your lists Log in to create your own lists
  • Log in to your account
  • Your cookies
  • Search history
Southville International School and Colleges
  • Advanced search
  • Recent comments
  • Most popular
  • Libraries

Log in to your account

Log in with GOOGLE


If you do not have an external account, but do have a local account, you can still log in:

  1. Home
  2. MARC view: Taxmann's politics, ethics and social responsibility of business /
Normal view MARC view ISBD view

Taxmann's politics, ethics and social responsibility of business / (Record no. 356931)

[ view plain ]
MARC details
000 -LEADER
fixed length control field 00631nam a2200229Ia 4500
008 - FIXED-LENGTH DATA ELEMENTS--GENERAL INFORMATION
fixed length control field 180523s9999 xx 000 0 und d
020 ## - INTERNATIONAL STANDARD BOOK NUMBER
International Standard Book Number 978-81-7496-981-1
050 ## - LIBRARY OF CONGRESS CALL NUMBER
Classification number MAIN HD 60
050 ## - LIBRARY OF CONGRESS CALL NUMBER
Item number .S29 2007
100 ## - MAIN ENTRY--PERSONAL NAME
Personal name Saxena, Sanjeev.
245 #0 - TITLE STATEMENT
Title Taxmann's politics, ethics and social responsibility of business /
245 #0 - TITLE STATEMENT
Statement of responsibility, etc Sanjeev Saxena, Punam Pandey.
250 ## - EDITION STATEMENT
Edition statement 3rd Edition
260 ## - PUBLICATION, DISTRIBUTION, ETC. (IMPRINT)
Place of publication, distribution, etc New Delhi :
260 ## - PUBLICATION, DISTRIBUTION, ETC. (IMPRINT)
Name of publisher, distributor, etc Taxmann Allied Services,
260 ## - PUBLICATION, DISTRIBUTION, ETC. (IMPRINT)
Date of publication, distribution, etc 2007
300 ## - PHYSICAL DESCRIPTION
Extent 306 pages :
300 ## - PHYSICAL DESCRIPTION
Dimensions 23 cm.
500 ## - GENERAL NOTE
General note Includes bibliographical references.
650 ## - SUBJECT ADDED ENTRY--TOPICAL TERM
Topical term or geographic name as entry element Ethics.
650 ## - SUBJECT ADDED ENTRY--TOPICAL TERM
General subdivision Politics.
Holdings
Withdrawn status Lost status Damaged status Home library Current library Shelving location Date acquired Cost, normal purchase price Total Checkouts Full call number Barcode Date last seen Price effective from Koha item type
      South Mansfield College South Mansfield College   02/14/2011 415.00   MAIN HD 60 .S29 2007 SMC05515 05/23/2018 05/23/2018  

Taxmann's politics, ethics and social responsibility of business /

APA

Saxena S., .Taxmann's politics, ethics and social responsibility of business. New Delhi: .

Chicago

Saxena Sanjeev, .Taxmann's politics, ethics and social responsibility of business. New Delhi: .

Harvard

Saxena S., .Taxmann's politics, ethics and social responsibility of business. New Delhi: .

MLA

Saxena Sanjeev, .New Delhi: . .

  • Place hold
  • Print
  • Cite
  • Add to your cart (remove)
  • Save record
    BIBTEX Dublin Core MARCXML MARC (non-Unicode/MARC-8) MARC (Unicode/UTF-8) MARC (Unicode/UTF-8, Standard) MODS (XML) RIS
  • More searches
    Search for this title in:
    Other Libraries (WorldCat) Other Databases (Google Scholar) Online Stores (Bookfinder.com) Open Library (openlibrary.org)

Exporting to Dublin Core...

SOUTHVILLE LIBRARY

Southville International School and Colleges Library

1281 Tropical Ave. Cor. Luxembourg St., BF Homes International, Las Pinas City

Tel. No. 8256374 / 252358 Loc. 117/146

Powered by Koha